| 000 | 00507nam a2200169 4500 | ||
|---|---|---|---|
| 001 | 122184 | ||
| 003 | ES-MaACL | ||
| 005 | 20251116063102.0 | ||
| 007 | t| | ||
| 008 | 070214s1952 sp r ||||1| spa d | ||
| 100 | 0 |
_aPrieto-Castro y Ferrándiz, Leonardo _993919 |
|
| 245 | 1 | 0 |
_aDerecho Procesal Civil / _cLeonardo Prieto-Castro y Ferrándiz. |
| 260 |
_aMadrid : _b[s. n.], _c1952 ( _fImp. Sèz) |
||
| 300 |
_a2 v. ; _c25 cm. |
||
| 852 |
_aES-MaACL _jE-3995-6 _bR.45301 |
||
| 999 |
_c122184 _d122184 |
||